| 000 | 00872nam a22002297a 4500 | ||
|---|---|---|---|
| 005 | 20240530110611.0 | ||
| 008 | 160809s2013 ua ab g 000 0 ara d | ||
| 017 |
_a1603/2013 _bمصر . دار الكتب المصريه . |
||
| 020 | _a978977528211 | ||
| 040 | _aEG-CaGPL | ||
| 082 | 0 | 4 |
_221 _a307.34\ _bع ع |
| 100 | 0 | _aعبدالرحيم قاسم قناوى | |
| 245 | 1 | 2 |
_aالعشوائيات مشاكل وحلول / _cعبدالرحيم قاسم قناوى |
| 260 |
_aالقاهره : _bمكتبه الانجلو المصريه ، _c2013 . |
||
| 300 |
_a233 ص : _bايض ؛ _c24 سم . |
||
| 504 | _aببليوجرافيه : ص 228 - 233 . | ||
| 650 | 0 | 4 |
_aالعشوائيات _xمشاكل . |
| 650 | 0 | 4 |
_aالعشوائيات _zمصر . |
| 650 | 0 | 4 | _aالانفجار السكاني . |
| 942 |
_2ddc _cBK |
||
| 999 |
_c62864 _d62864 |
||